000 00758nam a2200253 i 4500
001 10499
003 ES-MaACL
005 20240201133415.0
007 t|
008 950728s1994 sp ||||1| spa d
020 _a84-7423-707-6
080 _a130.2
100 1 _aParís, Carlos,
_d1925-2014
_989133
245 1 3 _aEl Animal cultural
_b: biología y cultura en la realidad humana /
_cCarlos París.
260 _aBarcelona :
_bCrítica,
_c1994.
300 _a359 p. ;
_c20 cm.
490 1 _aCrítica/filosofía ;
_v25
504 _aBibliogr.: p. 334-346.
650 _aCultura-
_xFilosofía.
_911518
830 0 _aCrítica/filosofía ;
_v25
_9178106
852 _aES-MaACL
_jL-17912
_bR.123919
942 _2udc
999 _c10499
_d10499